Football quizz en F - Statistiques

Statistiques générales
  • Ce quiz a été pris 140 fois
  • Le résultat moyen est 10 sur 13
Statistiques - réponses
Hint Réponse % Correct
Club mythique d’Italie, basé à Florence, surnommé « La Viola ». Fiorentina
97%
Pays vainqueur de la coupe du monde 1998 et 2018. France
97%
L'un des meilleurs buteurs que l'AS Monaco est connu au 21e siècle, surnommé "El tigre". Falcao
89%
Nom d’un club turc basé à Istanbul, rival de Galatasaray et Beşiktaş. Fenerbahçe
89%
Nom d’un célèbre joueur portugais connu pour ses dribbles, passé notamment par le Real Madrid et Barcelone. Figo
89%
Club emblématique des Pays-Bas basé à Rotterdam. Feyenoord
84%
Célèbre jeu de foot. Fifa
82%
Nationalité du célèbre Jari Litmanen. Finlandais
81%
Club anglais situé à Londres, désormais un club habitué de Premier League. Fulham
74%
Club populaire Bresilien, rival du Vasco de Gama. Flamengo
67%
Prénom d'un joueur ayant fait le bonheur des supporters Marseillais entre 2016 et 2021. Florian
62%
Autre nom donné pour désigné une virgule. Flip flap
40%
Attribut nécessaire à un joueur voulant marquer des buts. Finission
7%
Aucun quiz correspondant
Distribution des résultats
% des personnes avec chaque résultat
Percentile par nombre de réponses
Votre historique - résultats
Vous n’avez pas pris ce quiz